000
00276nam a2200109Ia 4500
008
200302s9999 xx 000 0 und d
100
_a
El Criquis
245
_a
Embt 2000-2009 Enric Miralles Benedetta Tagliabue
260
_b
Euros in Spain
260
_c
2009
300
_a
258 P.,
999
_c
2662
_d
2662